000 00544nam a2200217Ia 4500
003 OSt
005 20230323105339.0
008 210210b2003 xxu||||| |||| 00| 0 eng d
020 _a81 204 1549 3
040 _cAL
041 _aEnglish
082 _a581.0724 CHAI
100 _aCHAWLA (H S).
_976860
245 _aIntroduction to plant biotehnology.
250 _a2
260 _aND
_bOxford & IBH Publishing Co. Pvt. Ltd.
_c2003
300 _axxix,538
690 _aPlant Biotechnology
_976861
906 _aSG04379
942 _2ddc
_cBK
999 _c114982
_d114982